Normal view
MARC view
- Barail, Louis C
Entry Personal Name
001 - CONTROL NUMBER
- control field: 45111
003 - CONTROL NUMBER IDENTIFIER
- control field: NUST
005 - DATE AND TIME OF LATEST TRANSACTION
- control field: 20210314133145.0
008 - FIXED-LENGTH DATA ELEMENTS
- fixed length control field: 210314|| aca||aabn | a|a d
040 ## - CATALOGING SOURCE
- Original cataloging agency: NUST
- Transcribing agency: NUST
100 ## - HEADING--PERSONAL NAME
- Personal name: Barail, Louis C
670 ## - SOURCE DATA FOUND
- Source citation: Work cat.: (NUST): Barail, Louis C., Packaging engineering., 1954.
